[Event "5th Cairns Cup 2025"]
[Site "Saint Louis USA"]
[Date "2025.06.17"]
[Round "7.5"]
[White "Muzychuk, Mariya"]
[Black "Dzagnidze, Nana"]
[Result "1/2-1/2"]
[Annotator "Tactical Analysis 7.0"]
[WhiteElo "2492"]
[BlackElo "2505"]
[PlyCount "107"]
[GameId "2190574149899672"]
[EventDate "2025.06.10"]

1. c4 e5 2. Nc3 Bb4 3. Nd5 Be7 4. g3 Nf6 5. Nxe7 Qxe7 6. Bg2 {A21: English Opening: 1...e5 2 Nc3.} O-O 7. e4 Na6 (7... Qc5 $11) 8. d3 (8. Ne2 $14) 8... c6 (8... Qb4+ $15 9. Ke2 Nc5) 9. Ne2 $11 d5 $146 {[%mdl 64] Deflection} ({Predecessor:} 9... Rd8 10. Nc3 Nc7 11. Qb3 Ne6 12. O-O d6 13. h3 Rb8 14. a4 Nd7 15. Be3 a5 {1-0 Korneev,S (2134)-Melero Fidalgo,J (2348) Lorca op 7th 2018 (6)}) 10. exd5 cxd5 11. cxd5 Bf5 12. Nc3 (12. Bg5 $14) 12... Nb4 $1 $15 (12... Nc5 13. O-O $11) 13. Ne4 Nfxd5 14. a3 Nc6 {A dynamic duo of knights.} 15. O-O Rfd8 16. Be3 Nxe3 (16... Rac8 $15 {deserves consideration.}) 17. fxe3 $11 Bxe4 18. Bxe4 Rd6 19. Rc1 Rad8 20. Rc3 g6 (20... R8d7 {seems wilder.} 21. Qf3 Nd8 22. g4 Ne6) 21. Qc2 Kg7 22. b4 {[%cal Ob4b5]} R8d7 23. Rc5 {[%cal Oc2b2]} Nd8 $1 24. Qc3 f6 25. Rd1 Nf7 26. Rc8 (26. Bg2 $15) 26... Qe6 $17 27. Rb8 {[#]} (27. Rc7 $17) 27... Qa2 $2 (27... Ng5 $1 $19 {[%cal Rg5e4]} 28. Bg2 (28. Rxb7 $2 Nxe4 {[%mdl 64] Pin} 29. Rxd7+ Qxd7 $19) (28. Qc8 Kh6 $17) 28... e4 (28... Nh3+ 29. Bxh3 Qxh3 30. Qc8 $14)) 28. Rxb7 $11 (28. Qc8 $2 Rd8 29. Qxb7 Qe2 $19 (29... Qxa3 30. Rxd8 {[%mdl 64] Pin} Qb3 31. Rxd6 $11)) 28... Rxb7 ({Much worse is} 28... Qe2 29. Re1 Qa2 30. Rxd7 Rxd7 31. Bg2 $16) 29. Bxb7 Rb6 (29... h5 $11) 30. Bg2 Ra6 31. Ra1 $1 Qe2 32. d4 exd4 33. exd4 {and Bf1 would now be decisive} Re6 $1 34. Rf1 (34. Bf3 $14 Re3 35. Bxe2 Rxc3 36. b5) 34... Re3 35. Qc6 f5 36. Qc7 Rxa3 (36... Re7 $11 {remains equal.} 37. Qc5 a6) 37. Bd5 $16 Qe8 {[#]} 38. g4 {White is much more active.} Ra6 $1 $11 {[%cal Ba3a6,Ba6b6,Bb6b4,Bb4d4][%mdl 32] The position is equal.} 39. Qxf7+ Qxf7 40. Bxf7 Kxf7 41. gxf5 {[%mdl 4096] Endgame KR-KR. White is a pawn up.} Rb6 42. Ra1 Rxb4 43. Rxa7+ Kf6 44. fxg6 hxg6 45. Ra6+ Kf5 46. d5 {[%cal Bd4d5,Bd5d6,Bd6d7][%mdl 32]} Rd4 47. d6 Ke6 48. d7+ Kf5 49. Ra7 Ke6 50. Ra6+ Kf5 51. Ra7 Ke6 52. Ra6+ Kf5 53. Ra7 Ke6 {Weighted Error Value: White=0.15 (very precise) /Black=0.11 (very precise)} 54. Ra6+ 1/2-1/2

[Event "5th Cairns Cup 2025"]
[Site "Saint Louis USA"]
[Date "2025.06.18"]
[Round "8.1"]
[White "Lee, Alice"]
[Black "Dronavalli, Harika"]
[Result "1/2-1/2"]
[Annotator "Tactical Analysis 7.0"]
[WhiteElo "2389"]
[BlackElo "2483"]
[PlyCount "107"]
[GameId "2190578905556691"]
[EventDate "2025.06.10"]

1. Nf3 d5 2. d4 Nf6 3. c4 e6 4. Nc3 Be7 5. cxd5 exd5 6. Bf4 c6 7. e3 Nh5 {D35: Queen's Gambit Declined: Exchange Variation.} 8. Bd3 Nxf4 9. exf4 Bg4 10. O-O Nd7 11. Re1 $146 ({Predecessor:} 11. h3 Bxf3 12. Qxf3 O-O 13. Rfe1 Bd6 14. Re2 Qf6 15. Qg4 Nb6 16. f5 Rfe8 17. Rae1 Rxe2 18. Rxe2 {0-1 Glowinski,D (1739)-Kulakiewicz,M (2183) POLch63 qf email ICCF email 2016}) 11... O-O 12. Re3 Bd6 13. Ne2 Bxf3 (13... c5 $15) 14. Rxf3 $11 Re8 15. Rh3 (15. g3 $11) 15... Nf6 $15 16. Ng3 ({White should play} 16. Rf3 $15) 16... g6 17. f5 Bxg3 (17... Bf8 $17) 18. hxg3 $11 Ne4 {Against Qd2} 19. Rh4 (19. Qc1 $11 {remains equal.}) 19... Qf6 $1 $17 (19... gxf5 20. Qh5 Qf6 21. Qxh7+ Kf8 22. Rf4 $16) 20. Bxe4 {[#]} Rxe4 (20... g5 $1 $17 {[%cal Rg5h4]} 21. Rh5 Rxe4 (21... dxe4 22. Qb3 $11)) 21. Rxe4 $11 dxe4 22. fxg6 hxg6 $17 {[%mdl 4096] Endgame KQR-KQR} 23. Qd2 Rd8 24. Rd1 Qf5 25. b4 b6 {next ...Qd5 is good for Black.} 26. Qc2 Qd5 {[%cal Oc6c5]} 27. Re1 Qxd4 28. Qxc6 (28. Qxe4 $11 {deserves consideration.} Qxe4 29. Rxe4) 28... e3 $1 $15 29. fxe3 (29. Rxe3 Qd1+ (29... Qxb4 30. Qf6 $11)) 29... Qxb4 30. Rf1 Qa3 {[%csl LRa2,LRe3]} 31. Qc7 {[%csl LRd8,LRf7]} (31. Qf6 Qxe3+ 32. Kh2 Qh6+ 33. Kg1 Qf8 $17) 31... Qxe3+ 32. Kh2 Qh6+ 33. Kg1 Qe3+ 34. Kh2 Rf8 {And now ...Kg7 would win.} 35. Rf3 Qc5 $36 {[%mdl 2048] Black has the initiative.} 36. Qxa7 Kg7 {[%cal Rf8h8]} 37. g4 $1 Rh8+ 38. Kg3 Qe5+ 39. Kf2 Qd4+ 40. Kg3 Qd6+ 41. Rf4 $2 {[%mdl 8192] [#]} (41. Kf2 $1 $11 {and White has nothing to worry.}) 41... Qe6 $2 (41... Kh6 $1 $19 42. Qxf7 Kg5) 42. Qc7 $11 {The position is equal.} Re8 {( -> ...Qe1+)} (42... Qxa2 $2 {is the wrong capture.} 43. Qc3+ Kh7 44. g5 $18) 43. Qc3+ Kg8 44. Qf6 Qxa2 45. Qxb6 Qd5 46. Qd4 Qe6 47. Kh2 Qe5 48. Qxe5 Rxe5 {KR-KR} 49. Rf3 Kg7 50. Rf4 Re6 51. Rf3 Re5 52. Rf4 Re6 53. Rf3 Re5 {Weighted Error Value: White=0.25 (precise) /Black=0.27 (precise)} 54. Rf4 1/2-1/2

[Event "5th Cairns Cup 2025"]
[Site "Saint Louis USA"]
[Date "2025.06.18"]
[Round "8.2"]
[White "Tan, Zhongyi"]
[Black "Muzychuk, Mariya"]
[Result "1/2-1/2"]
[Annotator "Tactical Analysis 7.0"]
[WhiteElo "2546"]
[BlackElo "2492"]
[PlyCount "45"]
[GameId "2190583703136183"]
[EventDate "2025.06.10"]

1. d4 d5 2. c4 c6 3. Nf3 Nf6 4. Nbd2 Bf5 5. Nh4 Be4 6. Qb3 {[#] D11: Slav Defence: 3 Nf3 sidelines and 3...Nf6 4 e3 Bg4.} Nbd7 7. e3 e5 8. Qxb7 $146 (8. Be2 $11) ({Predecessor:} 8. Be2 dxc4 9. Bxc4 Bd5 10. O-O Qc7 11. e4 Bxc4 12. Nxc4 exd4 13. e5 Nc5 14. Qd1 {0-1 Pantzar,M (2442)-Hector,J (2481) SWE-ch Helsingborg 2023 (1)}) 8... exd4 $15 9. exd4 Rb8 $1 10. Qxa7 {[#]} Bb4 (10... Bc2 $1 $17 {...Bb4 would now be deadly.} 11. cxd5 Nxd5 (11... Qe7+ 12. Be2 $14)) 11. Be2 $1 $11 O-O 12. O-O Bxd2 13. Bxd2 Rxb2 14. Rfd1 (14. Rad1 {simplifies} Qa8 15. Qxa8 Rxa8 16. a3) 14... dxc4 $1 15. Bxc4 Ng4 16. Nf3 Bxf3 (16... Nb6 $5 17. Bb3 Nxf2 18. Kxf2 Bxf3 {[%mdl 64] Remove Defender} 19. gxf3 Qxd4+ 20. Kg3 Qd6+ 21. Kh3 (21. Bf4 Qg6+ 22. Kh4 Qf6+ 23. Bg5 Qxf3 $15) 21... Rxd2 (21... Nd5 $2 22. Qd4 $18) 22. Rxd2 (22. Qxb6 Rxh2+ 23. Kg4 Rg2+ 24. Kf5 g6+ 25. Ke4 Re8+) 22... Qh6+ 23. Kg3 Qg5+ 24. Kh3 Qh6+ $11) 17. gxf3 {The position is equal.} Qh4 {[%csl LRf2,LRh2]} 18. fxg4 (18. Qxd7 $2 {gets mated.} Qxh2+ 19. Kf1 Qxf2#) 18... Qxg4+ 19. Kf1 Qh3+ 20. Kg1 Qg4+ 21. Kf1 Qh3+ 22. Kg1 {Black must now prevent Bf1.} Qg4+ {Weighted Error Value: White=0.10 (very precise) /Black=0.08 (flawless)} 23. Kf1 1/2-1/2

[Event "5th Cairns Cup 2025"]
[Site "Saint Louis USA"]
[Date "2025.06.18"]
[Round "8.3"]
[White "Koneru, Humpy"]
[Black "Batsiashvili, Nino"]
[Result "0-1"]
[Annotator "Tactical Analysis 7.0"]
[WhiteElo "2543"]
[BlackElo "2462"]
[PlyCount "122"]
[GameId "2190585545795807"]
[EventDate "2025.06.10"]

1. d4 d5 2. c4 e6 3. Nf3 Nf6 4. Nc3 Be7 5. cxd5 exd5 6. Bf4 {D35: Queen's Gambit Declined: Exchange Variation.} Nh5 7. Bd2 Nf6 8. h3 {The position is equal.} Bd6 $146 ({Predecessor:} 8... O-O 9. e3 c5 10. dxc5 Bxc5 11. Bd3 Nc6 12. O-O d4 13. exd4 Nxd4 14. Bf4 Bf5 15. Bxf5 Nxf5 {1-0 Gupta,A (2587)-Gagare,S (2467) Aix en Provence Dole op 2nd 2024 (7)}) 9. Qc2 c6 10. g4 (10. e3 $142) 10... Na6 11. g5 (11. Bg2 $11) 11... Nb4 $15 12. Qb1 {[%cal Oa2a3] [#] and a3! would now be decisive} Nh5 13. a3 Na6 14. Qc2 Nc7 15. e3 (15. e4 $1 $15) 15... g6 $17 16. Bd3 (16. e4 $1 $15 {should be considered.}) 16... O-O 17. Ne2 (17. e4 $142) 17... Ne6 {[%cal Oc8d7]} 18. h4 Neg7 ({Black should play} 18... a5) 19. Bb4 Bxb4+ 20. axb4 Bf5 (20... f6 $17 21. Neg1 Bf5) 21. Bxf5 Nxf5 22. Ne5 a5 23. bxa5 {Black continues to play with concentration.} Rxa5 24. Rxa5 Qxa5+ 25. Kf1 Qd8 (25... f6 {with more complications.} 26. gxf6 Rxf6 27. Rh3 Rf8) 26. Qb3 ({Better is} 26. Kg1) 26... f6 27. gxf6 Qxf6 28. Rh2 Qe7 (28... Nxh4 $6 29. Qxb7 Nf3 30. Nxf3 Qxf3 31. Qxc6 $11) 29. Ng1 Nxh4 {Black is more active.} 30. e4 (30. Ke2 {is a better defense.}) 30... Qg5 $19 31. Ne2 {Dodges Qc1+} Ra8 {( -> ...Ra1+)} 32. f4 $2 (32. Qd1) 32... Nxf4 (32... Ra1+ 33. Kf2 Nxf4 34. Qg3 Qxg3+ 35. Kxg3 Nxe2+ 36. Rxe2 $19) 33. Qxb7 Ra1+ 34. Kf2 {[#]} Nh3+ $1 {[%mdl 576] Decoy} 35. Rxh3 Qg2+ (35... dxe4 36. Qf7+ Kh8 37. Qf8#) 36. Ke3 Qxh3+ 37. Kd2 {Threatening mate with Qf7+.} Nf3+ (37... dxe4 38. Qf7+ Kh8 39. Qf8#) 38. Nxf3 Qxf3 {[%mdl 4096] Endgame KQR-KQN} 39. e5 Rf1 (39... Qf2 $2 40. Qxc6 Qf3 41. Nc3 $19) 40. Qxc6 Qe4 41. b4 h5 42. Qa6 Kh7 43. b5 Rb1 (43... Rf3 $142 44. b6 Rb3 45. Ke1 Qh1+ (45... Rb1+ 46. Kf2 Qf5+ 47. Ke3 Rb3+ 48. Kd2 Qe4 49. Ke1 Qh1+ 50. Kd2 Rb2+ 51. Ke3 Qh3+ 52. Kf2 Rb1 53. Nc3 Rh1 54. Qe2 Rh2+ 55. Ke1 Qxc3+ 56. Kf1 Qc1+ 57. Qe1 Qc2 58. Qg3 Qd1+ 59. Qe1 Qf3+ 60. Kg1 Rh1#) 46. Kd2 Rb2+ 47. Ke3 Qh3+ (47... Qe4+ 48. Kf2 h4 49. Qb7+ Kh6 50. Qa6 h3 51. Kg3 Rb3+ 52. Nc3 Rxc3+ 53. Qd3 Qxd3+ 54. Kh2 Qg3+ 55. Kh1 Qg2#) 48. Kf2 h4 49. Qb7+ Kh6 50. Qa6 Qg3+ 51. Kf1 Rb1+ 52. Nc1 Qf3+ (52... Rxc1+ 53. Ke2 Qe1+ 54. Kf3 Rc2 55. Kg4 Qg3#) 53. Ke1 Qe3+ (53... Rxc1+ 54. Kd2 Qc3+ 55. Ke2 Re1+ 56. Kf2 Qg3#) 54. Kf1 Rxc1+ 55. Kg2 Qg3#) 44. Qa3 Qf5 ({Worse is} 44... Rxb5 45. Qe7+ Kh6 46. Qf8+ Kh7 47. Qe7+ Kh6 48. Qf8+ Kh7 49. Qe7+ $11) 45. b6 Qf1 (45... Rxb6 $2 46. Qa7+ Kh6 47. Qxb6 $18) 46. Nc3 {Repels Rd1+} Qf2+ (46... Rxb6 $2 47. Qa7+ (47. Nxd5 Qg2+ 48. Kd3 Qxd5 $19) 47... Kh6 48. Qxb6 $18) 47. Ne2 Kh6 (47... Rxb6 $2 {too greedy.} 48. Qa7+ Kh6 49. Qxb6 $18) 48. Qe3+ Qxe3+ 49. Kxe3 Rxb6 {KR-KN} 50. Nf4 Rb3+ 51. Kf2 Rb4 {and ...g5 would now be decisive} 52. Ke3 Rb3+ 53. Kf2 g5 54. Nxd5 Kg6 55. e6 h4 56. Ne3 Kf6 57. d5 Rb4 58. Kf3 Rf4+ 59. Ke2 h3 60. Nf1 Ke7 61. Nh2 {An entertaining game by Batsiashvili.   Weighted Error Value: White=0.87/Black=0.32} g4 0-1

[Event "5th Cairns Cup 2025"]
[Site "Saint Louis USA"]
[Date "2025.06.18"]
[Round "8.4"]
[White "Kashlinskaya, Alina"]
[Black "Dzagnidze, Nana"]
[Result "0-1"]
[Annotator "Tactical Analysis 7.0"]
[WhiteElo "2459"]
[BlackElo "2505"]
[PlyCount "136"]
[GameId "2190591521372716"]
[EventDate "2025.06.10"]

1. e4 {De Greif,Boris} c5 2. Nf3 d6 3. d4 cxd4 4. Nxd4 Nf6 5. Nc3 a6 6. f4 e5 7. Nb3 Qc7 $1 {[%mdl 4] 7...Qc7 is the recent fashion.} 8. Be2 b5 {B93: Sicilian Najdorf: 6 f4.} 9. O-O Nbd7 10. fxe5 dxe5 {White has an edge.} 11. a4 $146 ({Predecessor:} 11. Nd5 Nxd5 12. Qxd5 Nb6 13. Qd3 Be6 14. Qg3 Nc4 15. Kh1 f6 16. a4 b4 17. Nd4 {1-0 Henao,R (2325)-Vera Gonzalez Quevedo,R (2400) WchT U26 02 fin-A Mexico City 1980 (3)}) 11... b4 (11... bxa4 $11 12. Rxa4 Nb6) 12. Nd5 $16 Qd6 13. Bc4 (13. c4 $142) 13... Bb7 14. Be3 $1 Rc8 (14... Nxe4 $2 15. Na5 Nec5 16. Qf3 $18 (16. Nxb4 f6 $18)) (14... Bxd5 $142 15. exd5 Nb6 16. Bxb6 Qxb6+ 17. Kh1 Bd6) 15. Na5 $2 (15. Qe2 $1 $16) 15... Bxd5 $11 16. exd5 (16. Bxd5 Nxd5 17. Qxd5 Qxd5 18. exd5 Rxc2 19. Rad1) 16... Be7 $2 {[%mdl 8192]} (16... Rc5 $1 $15 17. Nb7 (17. Bxc5 Qxc5+ 18. Kh1 Qxa5 $17) 17... Qb6 18. Nxc5 Bxc5) 17. Nc6 Nb8 18. Nxe7 Kxe7 19. Qe2 a5 20. Rad1 Rhd8 21. Kh1 h6 (21... Kf8 $142 22. g4 h6) 22. Bf4 (22. c3 $18 {and White stays clearly on top.}) 22... Nbd7 $16 {[%cal Oc8c4]} 23. Bg3 Kf8 24. Bb3 Re8 25. Rf5 (25. Bc4 $16) 25... g6 $1 $11 26. Rff1 Kg7 27. Bh4 Nh5 $1 28. Qf3 (28. Qb5 $11) 28... Rf8 (28... f5 $15) 29. Rde1 f5 30. g4 fxg4 (30... Nf4 31. Bg3 $11) 31. Qxg4 {And now Rxf8 would win.} Nf4 {[%cal Of8f5]} (31... Rxf1+ {simplifies} 32. Rxf1 Nf4 33. Bg3 h5) 32. Be7 Qxe7 $19 33. Rxf4 Rxf4 (33... h5 $1 $19 {[%cal Rh5g4]} 34. Qg3 Rxf4 35. Qxf4 Rf8) 34. Qxf4 $17 {[%cal Od5d6]} Rf8 35. Qg3 (35. Qe3 $17) 35... Rf5 $19 36. Bc4 Nf6 $1 37. Rg1 (37. b3) 37... g5 $1 38. Qh3 Rf4 39. Qc8 {Inhibits Rxc4.} Ne4 40. d6 Nxd6 41. Qg8+ Kf6 42. Qh8+ Kg6 (42... Kf5 43. Bd3+ (43. Bd5 $2 Kg6 $17) 43... e4 44. Be2 $15) 43. Qg8+ Kf5 44. Bd3+ (44. Bf1) 44... e4 45. Be2 e3 $40 {[%mdl 128] Black has strong attack.} 46. Bd3+ Ke5 (46... Ne4 $1 $19 {has better winning chances. ...Kf6 is the strong threat.} 47. Rg2 (47. Qd5+ $2 Kf6 $19) 47... Ke5 (47... Qd7 48. Qf8+ Ke5 49. Qb8+ Qd6 50. Qe8+ {[%mdl 64] Deflection} Kf6 51. Kg1 $19) 48. Qh8+ Rf6) 47. Rg3 $17 {[#]} Qb7+ $1 48. Kg1 Qa7 {( -> ...e2+). Chess con chili. Black is more active.} 49. Be2 {[#]} (49. Qh8+ $17 {was necessary.} Kd5 50. Kh1 (50. c4+ bxc3 {[%csl Oa4][%mdl 64] Discovered Attack} 51. Kh1 Qd4 $19)) 49... Nf5 $1 $19 50. Qe8+ Kf6 {[%cal Oa7f7]} (50... Ne7 51. Qh8+ Rf6 52. Rf3 $11) 51. Qf8+ (51. Qh8+ Qg7 52. Qd8+ Qe7 53. Qh8+ Ke6 54. Rh3 (54. Bg4 $2 Qc5 $17)) 51... Qf7 52. Qh8+ {White is weak on the dark squares} Ke7 53. Rh3 $2 (53. Qe5+ Qe6 54. Qxa5) 53... Qf6 54. Qb8 (54. Qh7+ Kf8 55. Qd7 Qxb2 56. Qd8+ Kg7 57. Qd7+ Kh8 58. Qc8+ Kh7 59. Rf3 Rxf3 60. Qb7+ Kg6 61. Qc6+ Qf6 62. Qxf3) 54... Qxb2 ({Not} 54... Qc6 55. Qe5+ Kf7 56. Qh8 $17) 55. Qc7+ Kf8 {( -> ...Qb1+)} 56. Qd8+ Kg7 57. Qd7+ Kh8 58. Qe8+ Kh7 {( -> ...Qa1+)} 59. Rxh6+ Nxh6 60. Bd3+ {[#]} Rf5 $1 61. Qxe3 Qa1+ 62. Kg2 {[#]} Qf6 $1 63. Qa7+ (63. c3 Qc6+) 63... Kg8 64. Bxf5 Nxf5 65. Qa8+ Kg7 66. Qb7+ Kh6 67. Qe4 Nh4+ 68. Kg3 {Black used his chance. An entertaining game by Dzagnidze.   Weighted Error Value: White=0.60/Black=0.29 (precise)} Ng6 (68... Qb6 $142 69. Qe1 b3 (69... Qc7+ $2 70. Kh3 $19) 70. Qf1 Qd6+ (70... bxc2 71. Qf8+ Kh5 72. Qh8+ Kg6 73. Qg8+ Kf5 74. Qc8+ Ke5 75. Qc3+ Qd4 76. Qc7+ Kf6 77. Qc6+ Kg7 78. Qb7+ Kg6 79. Qc6+ Kh5 80. Qe8+ Ng6 81. Qe2+ g4 82. Qb5+ Qe5+ 83. Qxe5+ Nxe5 84. Kf4 Ng6+ 85. Ke3 c1=Q+ 86. Kd3 Kg5 87. h4+ gxh3 88. Ke2 h2 89. Kd3 Nf4+ 90. Kd4 h1=Q 91. Ke5 Qd5#) 71. Kf2 Qf4+ (71... bxc2 {is a self mate.} 72. Ke3 Qf4+ 73. Kd3 Qxf1+ 74. Kxc2 Qc4+ 75. Kd2 Nf3+ 76. Ke3 g4 77. h4 Qd4+ 78. Ke2 Qd2+ 79. Kf1 Qe1+ 80. Kg2 Qg1#) 72. Ke2 Qxf1+ (72... Qxa4 $2 73. Qf8+ Kh5 74. Qh8+ Kg4 75. Qc8+ Nf5 76. h3+ Kh4 77. cxb3 $19) 73. Kxf1 bxc2 74. Ke2 c1=Q (74... c1=B 75. h3 Kh5 76. Kf1 Nf5 77. Ke2 Kh4 78. Kf3 Bf4 79. Ke4 Nd6+ 80. Kf3 Kxh3 81. Kf2 g4 82. Ke2 Be5 83. Ke3 g3 84. Kd3 g2 85. Kd2 g1=Q 86. Kc2 Qd4 87. Kc1 Ne4 88. Kc2 Qc3+ 89. Kd1 Qd2#) 75. Kd3 Qf4 76. h3 Nf5 (76... Qxa4 77. Kc3 Nf3 78. h4 gxh4 79. Kd3 h3 80. Ke2 h2 81. Kxf3 h1=Q+ 82. Kf2 Qd4+ 83. Kg3 Qdh4#) 77. h4 Qd4+ (77... Nxh4 78. Kc3 g4 79. Kd3 g3 80. Ke2 g2 81. Kd3 g1=Q 82. Kc3 Qgc1+ 83. Kd3 Qfe3#) (77... gxh4 78. Kc2 Qe3 79. Kb1 Nd4 80. Ka1 h3 81. Kb2 Qb3+ 82. Kc1 Qc2#) 78. Ke2 gxh4 79. Kf3 h3 (79... Qxa4 80. Ke2 h3 81. Kd3 h2 82. Kc3 h1=Q 83. Kd3 Qf3+ 84. Kd2 Qe3#) 80. Ke2 h2 (80... Qxa4 81. Kf2 h2 82. Kg2 Qc2+ 83. Kh3 h1=Q+ 84. Kg4 Qce4#) 81. Kf3 h1=Q+ 82. Ke2 Ng3#) 0-1

[Event "5th Cairns Cup 2025"]
[Site "Saint Louis USA"]
[Date "2025.06.18"]
[Round "8.5"]
[White "Assaubayeva, Bibisara"]
[Black "Yip, Carissa"]
[Result "0-1"]
[Annotator "Tactical Analysis 7.0"]
[WhiteElo "2509"]
[BlackElo "2431"]
[PlyCount "92"]
[GameId "2190599140948835"]
[EventDate "2025.06.10"]

1. e4 e5 2. Nf3 Nc6 3. Bb5 a6 4. Ba4 d6 5. O-O Bd7 6. c3 g6 7. d4 Bg7 8. Re1 Nge7 {8...b5 is setting a new trend.} 9. Be3 O-O 10. Nbd2 Qe8 {[%cal Oc6d4] was the old line (10...h6). C76: Ruy Lopez: Deferred Steinitz: 5 c3 Bd7 6 d4 g6.} 11. Bb3 Kh8 12. dxe5 dxe5 {White is slightly better.} 13. Bc5 b6 14. Ba3 Rd8 15. Qe2 {[%cal Od2c4]} Na5 16. Bc2 $146 (16. Qxa6 Bb5 17. Qa7 Qd7 18. Bxe7 Ra8 $15 (18... Qxe7 19. Bd5 $11)) ({Predecessor:} 16. Bd5 c6 17. Bb3 Bc8 18. Bc2 c5 19. b4 cxb4 20. Bxb4 Nac6 21. Ba3 b5 22. Bc5 {1-0 Sasikiran,K (2688)-Thorfinnsson,B (2461) Riga Tech op 7th 2017 (5)}) 16... Bb5 {Prevents Bd3.} 17. Qe3 Qd7 (17... f6 $11 {keeps the balance.}) 18. Rad1 (18. c4 $1 $16) 18... Qe6 $14 19. b3 c5 20. Bb2 (20. c4 $16 Bd7 21. b4 cxb4 (21... Nxc4 $2 22. Nxc4 Qxc4 23. Bb3 $18) 22. Bxb4) 20... Ng8 $11 21. Qg5 ({White should play} 21. Ng5 $11 Qe7 22. a4) 21... f6 $15 22. Qg3 {[#]} Bh6 $1 23. Nf1 Rxd1 24. Bxd1 Bf4 25. Qh3 Qxh3 26. gxh3 Bd3 {Dodges Bc2. Black has more active pieces.} 27. N3d2 (27. Nh4 $17) 27... Rd8 $19 28. Be2 Ne7 29. Ne3 b5 30. Ba3 (30. Bxd3 $142 Rxd3 31. Re2) 30... Nb7 31. Bxd3 Rxd3 32. Ndf1 Kg7 {[%cal Of6f5]} (32... Rxc3 33. Rd1 $16) 33. Kg2 (33. Rd1 $17 Rxd1 (33... Rxc3 $2 34. Rd7 $18) 34. Nxd1) 33... Kf7 (33... Rxc3 34. Rd1 Na5 35. Bb2 Rxe3 36. Nxe3 $16) ({Better is} 33... f5 $19 34. Ng3 Rd2 (34... Rxc3 35. Bb2 $11) 35. exf5 Rxa2 36. f6+ {[%mdl 64] Decoy} Kxf6 37. Ne4+ Kf7 38. Bxc5 Nxc5 39. Nxc5 a5) 34. Rd1 $17 Rxd1 (34... Rxc3 $2 35. Rd7 (35. Bb2 Bxe3 36. Nxe3 Rxe3 $14) 35... Na5 36. Nd5 $18) 35. Nxd1 Ke6 36. Nde3 (36. h4 $17) 36... f5 $19 37. Kf3 Bg5 (37... fxe4+ 38. Kxe4 $15) 38. Ng2 (38. Nd2) 38... Nc6 39. h4 {[%cal Bh3h4,Bh4h5][%mdl 32] [#]} Bh6 $1 {...b4 would now be deadly.} 40. h5 b4 (40... gxh5 41. exf5+ Kxf5 42. Ng3+ Ke6 43. Nxh5 $15) 41. Bb2 (41. hxg6 hxg6 (41... bxa3 42. exf5+ Kxf5 43. gxh7 $17) 42. exf5+ gxf5 43. cxb4) 41... bxc3 (41... gxh5 42. exf5+ Kxf5 43. Ng3+ Ke6 44. Nxh5 $15) 42. Bxc3 Nd4+ ({And not} 42... gxh5 43. exf5+ Kxf5 44. Ng3+ Ke6 45. Nxh5 $11) 43. Bxd4 cxd4 44. hxg6 hxg6 45. Ng3 (45. exf5+ {keeps fighting.} gxf5 46. Ke2) 45... d3 46. Nh4 {Weighted Error Value: White=0.37/Black=0.17 (very precise)} Nd6 0-1

[Event "5th Cairns Cup 2025"]
[Site "Saint Louis USA"]
[Date "2025.06.19"]
[Round "9.1"]
[White "Batsiashvili, Nino"]
[Black "Assaubayeva, Bibisara"]
[Result "0-1"]
[Annotator "Tactical Analysis 7.0"]
[WhiteElo "2462"]
[BlackElo "2509"]
[PlyCount "104"]
[GameId "2190686219898056"]
[EventDate "2025.06.10"]

1. d4 Nf6 2. c4 g6 3. g3 Bg7 4. Bg2 c5 5. dxc5 Qa5+ 6. Nc3 {E60: King's Indian: Unusual lines and Fianchetto Variation without Nc3.} O-O 7. Qa4 Qxc5 8. Be3 {White is slightly better.} Qc7 9. Nf3 {[%cal Oc4c5] is the legacy move (9.c5).} (9. Bxa7 $2 Nc6 10. Nb5 Qd8 $19) 9... d6 10. O-O {[%cal Of3d4]} (10. Bxa7 $2 Nc6 11. Nb5 Qd8 $19) 10... Bd7 11. Qb3 Na6 12. Rac1 Rfc8 $5 $146 {[%mdl 8] New and interesting.} (12... Qa5 $14 {is more appropriate.}) ({Predecessor:} 12... Nc5 13. Qa3 a5 14. Nd4 Rfc8 15. b3 Qd8 16. h3 Qf8 17. Qb2 Bh6 18. Qd2 Bxe3 19. Qxe3 {½-½ Fier,A (2543)-Amonatov,F (2624) Mumbai Mayors Cup 12th 2019 (9)}) 13. Nb5 (13. Nd4 $16) 13... Qa5 $11 14. Bxa7 (14. a4 $11) 14... d5 15. a4 {[#]} Rxa7 $1 {[%mdl 64] Remove Defender} 16. Nxa7 Nc5 {[%csl Oa7][%mdl 64] Discovered Attack, Double Attack} (16... Qxa4 $2 17. Qxa4 (17. Qxb7 Rb8 $17) 17... Bxa4 18. Nxc8 $18) 17. Qe3 ({Better is} 17. Qa3 $1 $15 Qxa7 18. cxd5) 17... Qxa7 $17 18. b4 Ng4 $36 {[%mdl 2048] Black is really pushing.} 19. Qxe7 {[#]} Bf8 $1 {Black is more active. A strong pair of Bishops.} (19... Nxa4 $2 20. Qxd7 Rf8 21. Qxg4 $18) {White does not recover from this.} 20. Qh4 (20. Qg5 $17 {was forced.} Ne4 {[%csl Ob4][%mdl 64] Discovered Attack} (20... Nxa4 21. h3 $11) (20... Nb3 21. Rcd1 $17) 21. Qxd5) 20... Ne4 $19 (20... Nxa4 21. h3 $11) 21. h3 Nh6 {[%cal Bg4h6,Bh6f5,Bf5d6,Bd6c4][%mdl 32]} (21... Ngxf2 $2 22. c5 $17) 22. Ng5 Nxg5 (22... Qxa4 23. Nxe4 dxe4 24. Qxe4 $15) 23. Qxg5 dxc4 24. a5 Nf5 $1 {[%cal Ob7b5]} 25. Bd5 Qa6 {[%cal Of8h6]} (25... Bxb4 26. Rxc4 Qxa5 27. Rd1 $17) 26. Qd2 {[%cal Od5f7]} Bb5 27. Rfd1 Bg7 {Strongly threatening ...c3.} 28. e3 c3 29. Qa2 Nd6 30. Qb3 Be2 31. Re1 Bc4 32. Bxc4 Nxc4 (32... Rxc4 33. Red1 Rc8 34. Qd5 $17) 33. Qa4 {White is weak on the dark squares} (33. Rxc3 $142 Bxc3 34. Qxc3) 33... b5 34. Qc2 Qe6 {[%cal Oc4d2]} 35. Kg2 Rd8 36. Re2 Nd2 37. Rd1 Qc6+ 38. e4 {[%cal Re2d2] and Rexd2 would now be decisive} Qc4 {[%csl LRb4,LRe2]} ({Less strong is} 38... Qd6 39. Re3 Qe7 (39... Qxb4 $2 40. e5 $19) 40. Kh2 $19) 39. Rdxd2 (39. Re3 $142 Rd6 (39... Qxb4 $2 40. e5 $19) 40. h4) 39... cxd2 40. Rxd2 Rxd2 41. Qxd2 Qxe4+ 42. Kh2 Bd4 43. a6 Ba7 44. Kg1 Qb1+ 45. Kg2 Qa1 46. Qd6 Kg7 47. g4 Qf6 48. Qxf6+ Kxf6 {Black mates.} 49. f4 Ke6 50. Kg3 Kd5 51. h4 f5 52. h5 {Artfully played by Assaubayeva.   Weighted Error Value: White=0.43/Black=0.17 (very precise)} Ke4 0-1